000 00724nam a2200253Ia 4500
003 GCL
008 140319s9999 xx 000 0 ara d
020 _a7425202977
040 _aGCL /
_cGCL
082 0 4 _a810.9
_bط م
100 1 _aطه حسين
245 1 0 _aمستقبل الثقافة فى مصر /
_cطه حسين
250 _aالاولى
260 _aالقاهرة :
_bدار المعارف ،
_c1993
300 _a303 ص ؛
_c24سم
650 0 4 _aالادب العربى
650 0 4 _aالتعليم
650 0 4 _aالمقالات العربية
650 0 4 _aالثقافة
650 0 4 _aالوعى الاجتماعى
650 0 4 _aالمعرفة
650 0 4 _aطه حسين
942 _2ddc
_cBK
999 _c29326
_d29326